Logo CIB grande

University Physics: With Modern Physics (Registro nro. 236876)

Detalles MARC
000 -LEADER
campo de control de longitud fija 00699nam a2200229Ia 4500
005 - FECHA Y HORA DE LA ÚLTIMA TRANSACCIÓN
campo de control 20250425162816.0
008 - DATOS DE LONGITUD FIJA--INFORMACIÓN GENERAL
campo de control de longitud fija 250425s9999 xx 000 0 und d
020 ## - NÚMERO INTERNACIONAL ESTÁNDAR DEL LIBRO
Número Internacional Estándar del Libro 9780135159552
041 ## - CÓDIGO DE IDIOMA
--
Código de lengua original eng
082 ## - NÚMERO DE LA CLASIFICACIÓN DECIMAL DEWEY
Número de clasificación 530.0711
Iniciales del Autor YOU
010 ## - NÚMERO DE CONTROL DE LA BIBLIOTECA DEL CONGRESO
Número de control de LC 109432
100 ## - ENTRADA PRINCIPAL--NOMBRE DE PERSONA
Nombre de persona Young, Hugh D.; Freedman, Roger A.
245 #0 - MENCIÓN DEL TÍTULO
Título University Physics: With Modern Physics
Mención de responsabilidad, etc. Hugh D. Young; Roger A. Freedman
260 ## - PUBLICACIÓN, DISTRIBUCIÓN, ETC.
Lugar de publicación, distribución, etc. Estados Unidos
Nombre del editor, distribuidor, etc. PEARSON
Fecha de publicación, distribución, etc. 2020
300 ## - DESCRIPCIÓN FÍSICA
Extensión 1524 páginas
Otras características físicas Ilustraciones
Dimensiones 29 cm
500 ## - NOTA GENERAL
Nota general Tabla de contenido, apéndice, índice
650 ## - PUNTO DE ACCESO ADICIONAL DE MATERIA--TÉRMINO DE MATERIA
Término de materia o nombre geográfico como elemento de entrada Física Moderna
650 ## - PUNTO DE ACCESO ADICIONAL DE MATERIA--TÉRMINO DE MATERIA
Término de materia o nombre geográfico como elemento de entrada Fisica Universitaria
700 ## - ENTRADA AGREGADA--NOMBRE PERSONAL
Nombre de persona Freedman, Roger A.
902 ## - ELEMENTOS DE DATOS B LOCAL, LDB (RLIN)
a Monográfico
c Impreso
942 ## - ELEMENTOS DE ENTRADA SECUNDARIOS (KOHA)
Tipo de ítem Koha Libros
Existencias
Estatus retirado Estado de pérdida Estado de daño No para préstamo Biblioteca de origen Biblioteca actual Ubicación en estantería Fecha de adquisición Coste, precio normal de compra Etiqueta RFID Total de préstamos Código de barras Visto por última vez Fecha del último préstamo Copia número Tipo de ítem Koha Nota pública
        CENTRO DE INFORMACIÓN BIBLIOTECARIA CENTRO DE INFORMACIÓN BIBLIOTECARIA   23/06/2021 99.00 0000000000000000035193 1 80545 16/03/2026 09/03/2026 2 Libros Compra/Tecnilibro
        CENTRO DE INFORMACIÓN BIBLIOTECARIA CENTRO DE INFORMACIÓN BIBLIOTECARIA   24/09/2020 99.00 0000000000000000035082 3 80374 02/02/2026 27/01/2026 1 Libros  

Copyright 2025 ESPOL. Todos los derechos reservados.